Картины и жизнь: воспоминания художника

Dades bibliogràfiques
Autor principal: Бирштейн М. А. Макс Авадьевич
Altres autors: Дехтярь А. А. (составитель)
Idioma:rus
Publicat: Москва, Советский художник, 1990
Matèries:
Format: MixedMaterials Llibre
KOHA link:https://koha.lib.tpu.ru/cgi-bin/koha/opac-detail.pl?biblionumber=204927

MARC

LEADER 00000nam0a2200000 4500
001 204927
005 20231101225239.0
010 |a 5269002469 
035 |a (RuTPU)RU\TPU\book\223374 
090 |a 204927 
100 |a 20111205d1990 m y0rusy50 ca 
101 0 |a rus 
102 |a RU 
105 |a a z 000za 
200 1 |a Картины и жизнь: воспоминания художника  |f М. А. Бирштейн  |g сост. А. А. Дехтярь 
210 |a Москва  |c Советский художник  |d 1990 
215 |a 192 с.  |c ил. 
606 |a Живописцы  |2 stltpush  |3 (RuTPU)RU\TPU\subj\10834  |9 37852 
610 1 |a русская живопись 
610 1 |a воспоминания 
610 1 |a записки 
610 1 |a картины 
675 |a 75.071  |v 4 
700 1 |a Бирштейн  |b М. А.  |g Макс Авадьевич 
702 1 |a Дехтярь  |b А. А.  |4 220 
801 1 |a RU  |b 63413507  |c 20111205 
801 2 |a RU  |b 63413507  |c 20180201  |g RCR 
942 |c BK